Datum a čas kvízu
31
Celkem bodů
Celkový počet nahraných bodů na tomto kvízu bez doplňovacích otázek.
13.
Pořadí na kvízu
Konečné umístění týmu na tomto kvízu.
Zaznamenané odpovědi
| # | Otázka | Odpověď | Body | Výsledky |
|---|---|---|---|---|
| 1. | Jak se jmenuje funkcionář, jem... | Josef Středula | 1 | |
| 2. | Švédské království ve čtvrtek... | 32. členem | 0 | |
| 3. | V sobotu se v pražském Rudolfi... | Přišla v noci, Bratři | 1 | |
| 4. | Ve středu vstoupila na český t... | Partners | 1 | |
| 5. | Velmi kuriózní situace nastala... | Buffalo (Sabres), Edmonton (Oilers) | 0 | |
| 6. | Začneme prvním českým králem p... | Rudolf (I. Habsburský) | 1 | |
| 7. | Další „slavnou“ prohrou, která... | stoletá válka | 1 | |
| 8. | V bitvě u Lipan, kterou řadí m... | Prokop | 1 | |
| 9. | Bitva na Bílé hoře zpečetila o... | listopad 1620 | 0 | |
| 10. | Mnichovská dohoda je typickým... | appeasement | 1 |